| 000 | 00680nam a22001937a 4500 | ||
|---|---|---|---|
| 003 | OSt | ||
| 005 | 20260428003423.0 | ||
| 008 | 260428b |||||||| |||| 00| 0 eng d | ||
| 020 | _a9789710729050 | ||
| 040 |
_aDWCL Main Lib. _cOC |
||
| 082 | _aFil. 499.211 J63h 2013 | ||
| 100 | _aJocson, Magdalena O. | ||
| 245 |
_aHiyas ng lahi 8 : _bpanitikan, gramatika at retorika / _cMagdalena O. Jocson, Marites L. Tolosa |
||
| 260 |
_aQuezon City, Philippines : _bVibal Publishing, _cc2013. |
||
| 300 |
_axiv, 434 pages : _billustrations ; _c26cm. |
||
| 504 | _aIncludes index and bibliographical references. | ||
| 650 | _a1. Filipino--Study and teaching. | ||
| 942 |
_2ddc _cBK - FIL _n0 |
||
| 999 |
_c9970 _d9970 |
||